| 000 | 01044cab a2200373 4500 | ||
|---|---|---|---|
| 001 | ABS53228 | ||
| 008 | 090401t1995 xxu||||| |||| 00| 0 eng d | ||
| 035 | _a(Sirsi) u2771 | ||
| 041 | _aeng | ||
| 245 | _aMarket report : South and West Yorkshire | ||
| 260 | _c1995 | ||
| 350 | _a0 | ||
| 490 |
_aProperty Week _v51(13) 29 June 1995, 36-58(11) |
||
| 650 | _aBARNSLEY | ||
| 650 | _aBRADFORD | ||
| 650 | _aDONCASTER | ||
| 650 | _aENTERPRISE ZONES | ||
| 650 | _aHALIFAX | ||
| 650 | _aHUDDERSFIELD | ||
| 650 | _aINDUSTRIAL MARKET | ||
| 650 | _aLEEDS | ||
| 650 | _aPROPERTY-COMMERCIAL PROPERTY-OFFICE PROPERTY-OFFICE PROPERTY MARKET | ||
| 650 | _aPLANNING ISSUES | ||
| 650 | _aPROPERTY-COMMERCIAL PROPERTY-RETAIL PROPERTY-RETAIL PROPERTY MARKET | ||
| 650 | _aROTHERHAM | ||
| 650 | _aSHEFFIELD | ||
| 650 | _aSOUTH YORKSHIRE | ||
| 650 | _aTRANSPORT ISSUES | ||
| 650 | _aWAKEFIELD | ||
| 650 | _aWEST YORKSHIRE | ||
| 690 | _aPROPERTY-COMMERCIAL PROPERTY-COMMERCIAL PROPERTY MARKET | ||
| 942 | _n0 | ||
| 948 | _c04/03/1997 | ||
| 999 |
_c1668 _d1668 |
||